Le mariage : etude anthropologique

Αποθηκεύτηκε σε:
Λεπτομέρειες βιβλιογραφικής εγγραφής
Κύριος συγγραφέας: Mair, Lucy Philip 1901-
Μορφή: Βιβλίο
Γλώσσα:French
Δημοσίευση: Paris : Petite Bibliotheque Payot, 1971
Σειρά:Petite bibliotheque Payot ; ; 235
Θέματα:
Ετικέτες: Προσθήκη ετικέτας
Δεν υπάρχουν, Καταχωρήστε ετικέτα πρώτοι!

MARC

LEADER 00000nam a2200000 i 4500
001 1/82001
008 950405s1975 fre d
020 |a 2-228-32350-0 
035 |l 10005414 
040 |a GR-MY-UA  |b gre  |e aacr 
041 0 |a fre 
082 0 |a 306.81 
100 1 |a Mair, Lucy Philip  |d 1901- 
245 1 3 |a Le mariage :  |b etude anthropologique /  |c Lucy Mair 
260 |a Paris :   |b Petite Bibliotheque Payot,   |c 1971 
300 |a 235 p. 
490 1 |a Petite bibliotheque Payot  |v ; 235 
650 0 0 |a Marriage. 
650 0 0 |a Marriage customs and rites. 
650 0 0 |a Divorce. 
650 0 0 |a Polygamy. 
830 0 |a Petite bibliotheque Payot ;  |v ; 235 
852 |a INST  |b LESVOS  |e 19950405  |h 306.81 MAI  |p 005100001805  |q 005100001805  |t BK  |y 0 
909 |a Λ  |b 007386